| 000 | 00000nam##2200000za#4500 |
| 001 | 9.573325 |
| 003 | CaOODSP |
| 005 | 20210624183641 |
| 007 | cr ||||||||||| |
| 008 | 150406|2000||||xxc|||||o f|0| 0 eng|d |
| 040 | |aCaOODSP|beng |
| 043 | |an-cn--- |
| 086 | 1 |aMP32-28/00-3E-PDF |
| 110 | 1 |aCanada.|bHuman Resources Development Canada. |bApplied Research Branch. |
| 245 | 10|aGender composition and wages / |h[electronic resource]|cby Michael Baker and Nicole Fortin. |
| 260 | |aHull - Quebec : |bHuman Resources Development Canada. |cMarch 2000. |
| 300 | |a50p.|bgraphs, references, tables |
| 490 | 1 |aWorking paper|vW-00-3E |
| 500 | |aThe catalogue number (MP32-28/00-3E) and ISBN (0-662-28882-3) for the print edition have been incorrectly copied in this electronic publication. |
| 546 | |aRésumé en français. |
| 590 | |a12-16-Supp|b2012-04-17 |
| 690 | 07|aGender discrimination|2gcpds |
| 690 | 07|aSalaries|2gcpds |
| 720 | 1 |aBaker, Michael |
| 720 | 1 |aFortin, Nicole |
| 775 | 08|tTaux de féminité des professions et salaires : |w(CaOODSP)9.603512 |
| 776 | 0#|tGender composition and wages : |w(CaOODSP)9.615152 |
| 830 | #0|aWorking paper ;|vW-00-3E|w(CaOODSP)9.504477 |
| 856 | 40|ahttp://publications.gc.ca|qPDF|s473 KB|uhttps://publications.gc.ca/collections/Collection/MP32-28-00-3E.pdf|yW-00-3E |